Encyclopaedic district gazetteers of India (Record no. 9454)

MARC details
000 -LEADER
fixed length control field 00597nam a2200133Ia 4500
020 ## - INTERNATIONAL STANDARD BOOK NUMBER
ISBN 8121205476
082 ## - DEWEY DECIMAL CLASSIFICATION NUMBER
Classification number RR 910.3 ENC-
245 #0 - TITLE STATEMENT
Title Encyclopaedic district gazetteers of India
260 ## - PUBLICATION, DISTRIBUTION, ETC. (IMPRINT)
Place of publication New Delhi
Name of publisher Gyan Publishing
Year of publication 1997
500 ## - GENERAL NOTE
General note Contents: 11vols. vol 1(Southern Zone), (695) - v 2 (vii, 1301) - v 3 (Northern Zone), (563) - v 4 (1071) - v 5 (Central Zone), (388) - v 6 (Central Zone), (1035) - v 7 (Western Zone), (623) - v 8 (Eastern Zone), (506) - v 9 (992) - v 10 (North- Eastern Zone), (396) - v 11(vii, 763)
650 ## - SUBJECT ADDED ENTRY--TOPICAL TERM
Topical Term Gazetteers
700 ## - ADDED ENTRY--PERSONAL NAME
Personal name Bhatt, S.C.
942 ## - ADDED ENTRY ELEMENTS (KOHA)
Koha item type Books
Source of classification or shelving scheme Dewey Decimal Classification
Holdings
Withdrawn status Lost status Damaged status Not for loan Collection code Home library Current library Date acquired Serial Enumeration / chronology Bill Date Full call number Accession Number Price effective from Koha item type
        Docas Books NASSDOC Library NASSDOC Library 22/09/2016 V.1 2005-02-11 RR 910.3 ENC- D000035 18/04/2019 Books
        Docas Books NASSDOC Library NASSDOC Library 22/09/2016 V.2 2005-02-11 RR 910.3 ENC- D000036 18/04/2019 Books
        Docas Books NASSDOC Library NASSDOC Library 22/09/2016 V.3 2005-02-11 RR 910.3 ENC- D000037 18/04/2019 Books
        Docas Books NASSDOC Library NASSDOC Library 22/09/2016 V.4 2005-02-11 RR 910.3 ENC- D000038 18/04/2019 Books
        Docas Books NASSDOC Library NASSDOC Library 22/09/2016 V.5 2005-02-11 RR 910.3 ENC- D000039 18/04/2019 Books
        Docas Books NASSDOC Library NASSDOC Library 22/09/2016 V.6 2005-02-11 RR 910.3 ENC- D000040 18/04/2019 Books
        Docas Books NASSDOC Library NASSDOC Library 22/09/2016 V.7 2005-02-11 RR 910.3 ENC- D000041 18/04/2019 Books
        Docas Books NASSDOC Library NASSDOC Library 22/09/2016 V.8 2005-02-11 RR 910.3 ENC- D000042 18/04/2019 Books
        Docas Books NASSDOC Library NASSDOC Library 22/09/2016 V.9 2005-02-11 RR 910.3 ENC- D000043 18/04/2019 Books
        Docas Books NASSDOC Library NASSDOC Library 22/09/2016 V.10 2005-02-11 RR 910.3 ENC- D000044 18/04/2019 Books
        Docas Books NASSDOC Library NASSDOC Library 22/09/2016 V.11 2005-02-11 RR 910.3 ENC- D000045 18/04/2019 Books